Brazil A to Z - Statistics

General Stats
  • This quiz has been taken 76 times
  • The average score is 16 of 26
Answer Stats
Letter Hint Answer % Correct
A Name of the 2nd largest river in the world and 1st in volume of water, also name of the rainforest which is 60% on Brazilian territory. Amazon
98%
B Brazil's capital since 1960 and one of the 5 biggest cities in the country with over 3 million people. Brasília
97%
P Official language. Portuguese
92%
S Brazilian music genre and dance style. Samba
91%
C Brazil is the largest producer and exporter of this bean. Coffee
86%
R Brazilian currency. Real
86%
F Low-income and unregulated neighborhoods. Favelas
85%
I Waterfalls in the homonymous National Park on the border with Argentina. Iguazu Falls
82%
G Famous supermodel, married to Tom Brady. Gisele Bündchen
80%
M Largest stadium in Brazil, opened in 1950 to host the FIFA World Cup. Maracanã
80%
K Football player that have won the FIFA World Cup, the UEFA Champions League and the Ballon d'Or. Kaká
72%
O Humanist motto inscribed in the national flag. Ordem e Progresso (Order and Progress)
68%
Z Widespread epidemic type of virus, its outbreak from 2015-2016 raised concerns regarding the safety of athletes during the 2016 Summer Olympics in Rio de Janeiro. Zika
66%
D Former president of Brazil, impeached in her second term. Dilma Rousseff
65%
H Brazilian brand of flip-flop sandals famous worldwide, sold in over 80 countries. Havaianas
63%
N Famous Brazilian architect, best known for his design of civic building for Brazil's planned capital city, Brasília, and also one of the architects involved on the United Nations Headquarters design in NYC. Niemeyer
55%
T Tribe of native inhabitants found in Brazil and other South American countries, also depicted in the movie The Mission, starring Robert De Niro. Tupí-Guaraní
48%
Q Egg yolks, ground coconut, butter and sugar baked custard pudding very common in Brazilian bakeries. Quindim
37%
V Multinational corporation engaged in metals and mining, largest producer of iron one and nickel in the world. Also involved in two catastrophic tailings dam failures: Mariana and Brumadinho. Vale
37%
J Famous beach in the Northeast of Brazil, selected by The Washington Post as one of the Top 10 most beautiful beaches in the world. Jericoacoara
35%
E Aerospace conglomerate from São Paulo, recently in a joint venture with Boeing. Embraer
29%
U Famous neighborhood in Rio, where the Sugarloaf Mountain (Pão de Açúcar) is located in the Guanabara Bay. Urca
28%
W Brazil was once attached to this continental part but broke apart by plate tectonics. West Africa
28%
X Brazilian popular dance created in the Sertão, northeast of the country. Xaxado
23%
Y Woody shrub native to South America, used in the Brazilian farinha (flour) to garnish the Feijoada dish. Yucca
23%
L Largest lake in Brazil, located in the southernmost state, Rio Grande do Sul. Lagoa dos Patos
22%
No matching quizzes found
Score Distribution
Percent of People with Each Score
Percentile by Number Answered
Your Score History
You have not taken this quiz